| 000 | 01660nam0a22002771 4500 | ||
|---|---|---|---|
| 001 | rc\2886822 | ||
| 005 | 20250529214433.0 | ||
| 035 | _a(NLR Aleph) 007039351 | ||
| 090 |
_a6081876 _c6081876 |
||
| 100 | _a20110722d1929 |||y0rusy50 ca | ||
| 101 | 1 |
_arus _cger |
|
| 102 | _aRU | ||
| 105 | _aa z ||||| | ||
| 200 | 1 |
_aЗдоровая собака _eПроисхождение, история, породы, кормление, разведение, уход и использование собак _a(Кинология) _eРуководство для специалистов, питомников собак, союзов охотников и любителей собак _eПер. с 4-го нем. изд. _fГ. Мюллер (G. Müller) _gПод ред. и с доб. проф. А.Н. Макаревского _eС прил. статьи проф. С. А. Грюнера. Ездовые собаки крайнего севера Азии и Америки |
|
| 210 |
_aВитебск _cБелорус. Гос. Ветеринар. Ин-т _d1929 |
||
| 215 |
_a219 с. _cил. |
||
| 300 | _aПри указании изд. добавлено: кн. 9 | ||
| 464 | 0 |
_12001#$aЕздовые собаки крайнего севера Азии и Америки _1700#1$aГрюнер$bС.А.$4070 _tЕздовые собаки крайнего севера Азии и Америки _aГрюнер, С.А. |
|
| 700 | 1 |
_aМюллер _bГ. _gГеорг |
|
| 702 | 1 |
_aМакаревский _bА.Н. _4340 |
|
| 702 | 1 |
_aГрюнер _bС.А. _4570 |
|
| 801 | 0 |
_aRU _bNLR _gpsbo |
|
| 801 | 1 |
_aRU _bELAR _2rusmarc |
|
| 852 |
_aNLR _j64/420 |
||
| 942 | _cBOOK | ||
| 980 | _aNB | ||